| 000 | 01584nam a2200349 c 4500 | ||
|---|---|---|---|
| 003 | BLK | ||
| 005 | 20240823154707.0 | ||
| 008 | 180408b bul|||||r ||||||| ||bul|| | ||
| 010 | _aKNG00095979000 | ||
| 020 |
_a978-954-28-0510-6 _bиздат.: Сиела Софт енд Паблишинг |
||
| 040 | _aBLK | ||
| 041 |
_aBUL _cBUL |
||
| 072 | 7 |
_2bullib _aН85 _xДетска художествена литература Н |
|
| 080 |
_aБългарска литература _b821.163.2 _x-93-34 _z821.163.2-93-34 |
||
| 100 |
_aРусев, Богдан Бориславов _d1975- _9365584 |
||
| 700 | 1 |
_aКоритарева, Сибила Николова _eил. _982439 |
|
| 139 |
_aРусев, Богдан Бориславов _bР 94 |
||
| 245 | 1 | 0 |
_a[Дванадесет] 12 приказки от Белегаст плюс 3 нови приказки от света на Лора Фей _cБогдан Бориславов Русев; ил. Сибила Николова Коритарева. |
| 250 | _a2. доп. изд. | ||
| 257 | _aBGR | ||
| 260 |
_аСофия _bСиела Софт енд Паблишинг _c2009 |
||
| 300 |
_a195 с. _bс ил. _c21 см |
||
| 380 | _aX | ||
| 500 | _aВ кн. ил. погрешно отбелязана като Сибила Коритарова. - 1. изд. 2004 със загл. 12 приказки от Белегаст. | ||
| 659 | _aН | ||
| 852 | _aЦб 248005 | ||
| 856 | 4 |
_qpdf _u |
|
| 856 | 4 |
_qpdf _u |
|
| 942 |
_cKNG _n0 _01 |
||
| 944 |
_aCR _c11.05.2010 _k30532 _lЛиляна Коева |
||
| 944 |
_aED _c23.05.2013 _k |
||
| 999 |
_c91225 _d91225 |
||